000
00370nam a2200133Ia 4500
008
151001s9999||||xx |||||||||||||| ||und||
100
_a
राकेश इंदूरखा
245
_a
पाणी कि बुंद
250
_a
1
260
_b
नेहा पुस्तक भांडार
260
_c
2009
300
_a
16
365
_b
21
999
_c
995133
_d
995130